000
00322 a2200157 4500
001
162708
020
_a
040
_c
Magnum
100
_a
Sardella, Antonio
240
1
0
_a
Curso de quimica/v.3
_l
por
245
1
0
_a
Curso de quimica/v.3
362
0
_a
1899
440
1
_a
Ática
697
_a
PARADIDATICO
942
_c
BK
999
_c
162708
_d
162708